Vista normal
Vista MARC
Entrada Personal Name
Número de registros utilizados en: 1
001 - CONTROL NUMBER
- control field: 1665
003 - CONTROL NUMBER IDENTIFIER
- control field: OSt
005 - DATE AND TIME OF LATEST TRANSACTION
- control field: 20200318113324.0
008 - FIXED-LENGTH DATA ELEMENTS
- fixed length control field: 200318|| aca||aabn | a|a d
040 ## - CATALOGING SOURCE
- Original cataloging agency: OSt
- Transcribing agency: OSt
100 ## - HEADING--PERSONAL NAME
- Personal name: Morote Peñalver, Emilia
670 ## - SOURCE DATA FOUND
- Source citation: Work cat.: (OSt): Morata, Mati, autor 1640, Confieso que una vez acosé, confieso que una vez fui acosado : , [2012]